| 000 | 00500 a2200181 4500 | ||
|---|---|---|---|
| 005 | 20260131111841.0 | ||
| 008 | 260114b |||||||| |||| 00| 0 eng d | ||
| 020 |
_a9789392344121 _cRs. 1995.00 |
||
| 040 | _aMAIN | ||
| 082 |
_a796.07 _bU6N |
||
| 100 | _aUppal, A K | ||
| 245 | _aSharirik shiksha bahuvikalpiy prashnottari: NTA/UGC/DSSSB | ||
| 260 |
_bFriends Publications _aDelhi _c2024 |
||
| 300 | _a766 | ||
| 650 | _aPhysical Education | ||
| 650 | _aPhysical Education UGC-NTA | ||
| 942 | _cBK | ||
| 999 |
_c394100 _d394100 |
||